Blind test - Orelsan - Statistiques

Statistiques générales
  • Ce quiz a été pris 70 fois
  • Le résultat moyen est 8 sur 20
Statistiques - réponses
Paroles Musique % Correct
Si les hommes se tirent dessus, c'est qu'il y a des vaccins dans les balles Tout va bien
70%
On prend des mongols, leur donne des armes, appelle ça justice, s'étonne des drames L'odeur de l'essence
68%
Skready Krueger à la prod et j'suis ton pire cauchemar, Gringe et Skread c'est Baudelaire et Mozart Jimmy Punchline
63%
J'suis pas feignant mais j'ai la flemme et ça va finir en arrêt maladie pour toute la semaine La terre est ronde
61%
La partie qu'tu préfères c'est partir en bande à Jardiland, voler du bambou et fabriquer un bang Notes pour trop tard
61%
Donc je mange une salade de papaye mais au moins, j'ai la paix quand j'la graille Boss
55%
C'est un pour la monnaie, deux pour le show-business. J'ai plus la tête sur les épaules #LouisXVI Ils sont cools
52%
Elle est remplie de ploucs que tu peux même pas saquer, Ouais tu vas faire couler ta ville comme les Mbappé La petite voix
45%
Rappelle-toi qui tu snobais quand tu montais, c'est les mêmes que tu croiseras dans la descente Rêves bizarres
43%
J'mets que des t-shirts de geek, Japan Expo c'est la Fashion Week Christophe
39%
Pendant qu'la pollution fait 4 millions d'morts par an, mais pourquoi je pense à ça ? C'est pas l'moment Baise le monde
38%
Mes potes disent que je change, moi je dis qu'j'évolue, cette époque où j'étais perdu d'avance est révolue Le chant des sirènes
36%
Un artiste torturé ça fabrique des chef d'oeuvres, un papa torturé ça gâche une vie Dans quelques mois
32%
Si j'peux pas changer les autres, j'peux changer leur influence sur moi. Y'a toujours moyen de faire des reproches Epiphanie
29%
Mon cochon d'Inde est mort de faim, j'lui donnais rien à manger Regarde comme il fait beau (dehors)
27%
C'est le moment de faire un "V" avec les doigts, est-ce que tu sens l'odeur de la victoire ? On a gagné
25%
J'ai perdu toutes mes vies dès le premier niveau, la bulle d'air sous mes shoes me sert de niveau. Bloqué
21%
J'dis pas que c'est nul d'être, j'dis comment t'es riche c'est nul. Avant t'étais un fils de pute maintenant t'es un fils de pute avec des thunes. Ok Super
21%
J'ai quelques éclairs de génie mais la plupart du temps j'suis teubé Civilisation
20%
J'ai jamais investi dans la crypto' (jamais) Du coup j'ai sorti un bouquin sur les schizos (bien ouè-j) Casseurs Flowteurs Infinity
18%
Aucun quiz correspondant
Distribution des résultats
% des personnes avec chaque résultat
Percentile par nombre de réponses
Votre historique - résultats
Vous n’avez pas pris ce quiz